000 00866nam a2200253Ia 4500
003 OSt
005 20220918171318.0
006 a|||||r|||| 00| 0
007 ta
008 220917b |||||||| |||| 00| 0 eng d
020 _a9781474414401 (pbk)
_cUKP 24.99
024 _a349,447
037 _b57234, 14/02/2019, Segment Book Distributors
_cTextual
040 _aARTS
_cARTS
_beng
041 _2eng
_aeng
082 _aO111,2N06:g, Q8
100 _aGontarski S. E. Au.
_935689
245 0 _aBeckett matters
_b essays on Beckett's late modernism
260 _aEdinburgh
_bEdinburgh University Press UK
_c2017
300 _axii,278p.
_ccm.
650 _aENGLISH DRAMA; ENGLISH LITERATURE; MODERNISM
_935690
942 _hO111,2N06:g, Q8
_cTEXL
_2CC
999 _c138970
_d138970